| 000 | 00975nmc a2200349 a 4500 | ||
|---|---|---|---|
| 003 | AR-Y00000XR | ||
| 005 | 20251128211958.0 | ||
| 008 | 267020s2005 ||||||||||||||000 | spa|| | ||
| 020 | _a968-16-7588-6 | ||
| 040 | _cAR-Y00000XR | ||
| 100 | 1 | _aFrenk, Margit | |
| 245 | 1 | 0 |
_aEntre la voz y el silencio _bla lectura en tiempos de Cervantes |
| 260 |
_aMéxico _bFondo de Cultura Económica _c2005 |
||
| 300 | 0 | _a222 p. | |
| 490 | 0 | _aSección de obras de lengua y estudios literarios | |
| 600 | 1 | 4 | _aCervantes Saavedra, Miguel de |
| 650 | 4 | _aLITERATURA ESPANOLA | |
| 650 | 4 | _aLECTURA EN VOZ ALTA | |
| 650 | 4 | _aNARRACION | |
| 650 | 4 | _aTRADICION ORAL | |
| 650 | 4 | _aESTUDIOS CULTURALES | |
| 650 | 4 | _aRETORICA | |
| 650 | 4 | _aLIRICA | |
| 650 | 4 | _aHISTORIA LITERARIA | |
| 650 | 4 | _aHABITO DE LECTURA | |
| 653 | 0 | _aLITERATURA ORAL | |
| 653 | 0 | _aCANCIONEROS | |
| 653 | 0 | _aSIGLO DE ORO ESPANOL | |
| 655 | _aLITERATURA | ||
| 942 | _cBK | ||
| 998 | _cme-solo cat | ||
| 999 |
_c21887 _d21887 |
||